| Tag |
First Indicator |
Second Indicator |
Subfields |
| LEADER |
00000nam a2200000 i 4500 |
| 001 |
in00004060880 |
| 005 |
20190506085001.0 |
| 006 |
m o d f |
| 007 |
cr cn||||||||| |
| 008 |
190319s2010 vauab ob f000 0 eng c |
| 035 |
|
|
|a (OCoLC)on1090140543
|
| 042 |
|
|
|a pcc
|
| 043 |
|
|
|a n-us-az
|a n-us-ut
|
| 040 |
|
|
|a GPO
|b eng
|e rda
|e pn
|c GPO
|d MvI
|
| 049 |
|
|
|a WWW
|
| 050 |
|
4 |
|a TC175.2
|b .G7 2010
|
| 074 |
|
|
|a 0624-H (online)
|
| 086 |
0 |
|
|a I 19.76:2010-1032
|
| 100 |
1 |
|
|a Grams, Paul E.,
|e author.
|
| 245 |
1 |
0 |
|a 2008 high-flow experiment at Glen Canyon Dam - morphologic response of eddy-deposited sandbars and associated aquatic backwater habitats along the Colorado River /
|c Paul E. Grams, John C. Schmidt, and Matthew E. Andersen.
|
| 264 |
|
1 |
|a Reston, Virginia :
|b U.S. Department of the Interior, U.S. Geological Survey,
|c 2010.
|
| 300 |
|
|
|a 1 online resource (vi, 73 pages) :
|b color illustrations, color maps.
|
| 336 |
|
|
|a text
|b txt
|2 rdacontent
|
| 337 |
|
|
|a computer
|b c
|2 rdamedia
|
| 338 |
|
|
|a online resource
|b cr
|2 rdacarrier
|
| 490 |
1 |
|
|a Open-file report ;
|v 2010-1032
|
| 500 |
|
|
|a At head of title: Grand Canyon Monitoring and Research Center.
|
| 504 |
|
|
|a Includes bibliographical references (pages 44-46).
|
| 588 |
|
|
|a Description based on online resource; title from PDF title page (USGS, viewed March 19, 2019).
|
| 651 |
|
0 |
|a Glen Canyon Dam (Ariz.)
|
| 650 |
|
0 |
|a Floods
|z Glen Canyon National Recreation Area (Utah and Ariz.)
|
| 650 |
|
0 |
|a Rivers
|x Regulation.
|
| 650 |
|
0 |
|a Sediment transport
|z Arizona
|z Grand Canyon.
|
| 650 |
|
0 |
|a Sand bars
|z Arizona
|z Grand Canyon.
|
| 650 |
|
7 |
|a Floods.
|2 fast
|0 (OCoLC)fst00927573
|
| 650 |
|
7 |
|a Rivers
|x Regulation.
|2 fast
|0 (OCoLC)fst01098337
|
| 650 |
|
7 |
|a Sediment transport.
|2 fast
|0 (OCoLC)fst01110959
|
| 651 |
|
7 |
|a Arizona
|z Glen Canyon Dam.
|2 fast
|0 (OCoLC)fst01251297
|
| 651 |
|
7 |
|a Arizona
|z Grand Canyon.
|2 fast
|0 (OCoLC)fst01240455
|
| 651 |
|
7 |
|a United States
|z Glen Canyon National Recreation Area.
|2 fast
|0 (OCoLC)fst01310108
|
| 700 |
1 |
|
|a Schmidt, John C.,
|d 1950-
|e author.
|
| 700 |
1 |
|
|a Andersen, Matthew E.,
|e author.
|
| 710 |
2 |
|
|a Geological Survey (U.S.),
|e issuing body.
|
| 710 |
2 |
|
|a Grand Canyon Monitoring and Research Center.
|
| 776 |
0 |
8 |
|i Print version:
|a Grams, Paul E.
|t 2008 high-flow experiment at Glen Canyon Dam - morphologic response of eddy-deposited sandbars and associated aquatic backwater habitats along the Colorado River
|w (OCoLC)741195679
|
| 830 |
|
0 |
|a Open-file report (Geological Survey (U.S.)) ;
|v 2010-1032.
|
| 856 |
4 |
0 |
|u https://purl.fdlp.gov/GPO/gpo117335
|t 0
|
| 999 |
f |
f |
|s 22d75108-130a-3388-8f8b-404f36406994
|i 8437670a-76ec-3a50-91f9-8c358f70a3be
|t 0
|
| 952 |
f |
f |
|a Texas A&M University
|b College Station
|c Electronic Resources
|d Available Online
|t 0
|e I 19.76:2010-1032
|h Superintendent of Documents classification
|
| 998 |
f |
f |
|a I 19.76:2010-1032
|t 0
|l Available Online
|